Buffy the Vampire Slayer and Angel Villains - Statistics

General Stats
  • This quiz has been taken 59 times
  • The average score is 18 of 25
Answer Stats
Season Hint Answer % Correct
1 Angel's sire Darla
96%
2 Insane psychic vampire Drusilla
96%
1 Ancient vampire The Master
96%
4 Bio-mechanical demonoid Adam
94%
2 Angel without his soul Angelus
94%
6 Grief-stricken witch Dark Willow
94%
3 Renegade slayer Faith Lehane
94%
5 Goddess of a hell dimension Glory
94%
2 Peroxide-blond vampire Spike
94%
6 The Trio Andrew Wells
89%
3 Immortal politician Mayor Richard Wilkins
87%
6 The Trio Jonathan Levinson
85%
7 Incorporeal source of malice First Evil
83%
6 The Trio Warren Mears
83%
7 Misogynistic preacher Caleb
74%
4 Leader of the Initiative Maggie Walsh
74%
Angel Interdimensional law firm Wolfram & Hart
68%
3 "Modern" vampire, hitman Mr. Trick
64%
Angel Members of the Special Projects Division within the above Lilah Morgan
49%
Angel Members of the Special Projects Division within the above Lindsey McDonald
47%
Angel Rogue 'Power That Be' Jasmine
34%
Angel Resurrected vampire hunter Daniel Holtz
26%
Angel Members of the SpecialProjects Division within the above Holland Manners
17%
Angel Members of the Special
Projects Division within
the above
Gavin Park
15%
Angel Members of the Special Projects Division within the above Linwood Murrow
13%
No matching quizzes found
Score Distribution
Percent of People with Each Score
Percentile by Number Answered
Your Score History
You have not taken this quiz